<?xml version="1.0" encoding="UTF-8"?>
<record
    xmlns:xsi="http://www.w3.org/2001/XMLSchema-instance"
    xsi:schemaLocation="http://www.loc.gov/MARC21/slim http://www.loc.gov/standards/marcxml/schema/MARC21slim.xsd"
    xmlns="http://www.loc.gov/MARC21/slim">

  <leader>01516nam a2200397 i 4500</leader>
  <controlfield tag="001">193100</controlfield>
  <controlfield tag="003">SpMaBN</controlfield>
  <controlfield tag="005">20250825112757.0</controlfield>
  <controlfield tag="007">ta</controlfield>
  <controlfield tag="008">230728s2021    sp     | |||| 000 0 spa  </controlfield>
  <datafield tag="017" ind1=" " ind2=" ">
    <subfield code="a">SE 1544-2021</subfield>
    <subfield code="b">Oficina Dep&#xF3;sito Legal Sevilla</subfield>
  </datafield>
  <datafield tag="020" ind1=" " ind2=" ">
    <subfield code="a">9788418818363</subfield>
  </datafield>
  <datafield tag="035" ind1=" " ind2=" ">
    <subfield code="a">a7002354</subfield>
  </datafield>
  <datafield tag="040" ind1=" " ind2=" ">
    <subfield code="a">SpMaBN</subfield>
    <subfield code="b">spa</subfield>
    <subfield code="c">SpMaBN</subfield>
    <subfield code="e">rda</subfield>
  </datafield>
  <datafield tag="080" ind1=" " ind2=" ">
    <subfield code="a">82.09</subfield>
  </datafield>
  <datafield tag="100" ind1="1" ind2=" ">
    <subfield code="a">Rodr&#xED;guez Ant&#xF3;n, Mar&#xED;a Luisa</subfield>
    <subfield code="9">233955</subfield>
    <subfield code="e">aut</subfield>
  </datafield>
  <datafield tag="245" ind1="1" ind2="4">
    <subfield code="a">Los cl&#xE1;sicos como pretexto :</subfield>
    <subfield code="b">estudios sobre literatura universal, espa&#xF1;ola e hispanoamericana /</subfield>
    <subfield code="c">Mar&#xED;a Luisa Rodr&#xED;guez Ant&#xF3;n</subfield>
  </datafield>
  <datafield tag="264" ind1=" " ind2="1">
    <subfield code="a">Sevilla :</subfield>
    <subfield code="b">Renacimiento,</subfield>
    <subfield code="c">MMXXI [2021]</subfield>
  </datafield>
  <datafield tag="264" ind1=" " ind2="4">
    <subfield code="c">&#xA9;2021</subfield>
  </datafield>
  <datafield tag="300" ind1=" " ind2=" ">
    <subfield code="a">516 p&#xE1;ginas ;</subfield>
    <subfield code="c">21 cm</subfield>
  </datafield>
  <datafield tag="336" ind1=" " ind2=" ">
    <subfield code="a">Texto</subfield>
    <subfield code="2">rdacontent</subfield>
  </datafield>
  <datafield tag="337" ind1=" " ind2=" ">
    <subfield code="a">sin mediaci&#xF3;n</subfield>
    <subfield code="2">rdamedia</subfield>
  </datafield>
  <datafield tag="338" ind1=" " ind2=" ">
    <subfield code="a">volumen</subfield>
    <subfield code="2">rdacarrier</subfield>
  </datafield>
  <datafield tag="490" ind1="1" ind2=" ">
    <subfield code="a">Iluminaciones ;</subfield>
    <subfield code="v">150</subfield>
  </datafield>
  <datafield tag="500" ind1=" " ind2=" ">
    <subfield code="a">Catalogaci&#xF3;n provisional. Signatura: N 8590. Dep&#xF3;sito J.</subfield>
  </datafield>
  <datafield tag="650" ind1=" " ind2="7">
    <subfield code="a">Literatura</subfield>
    <subfield code="x">Historia y cr&#xED;tica</subfield>
    <subfield code="2">embne</subfield>
    <subfield code="9">14489</subfield>
  </datafield>
  <datafield tag="655" ind1=" " ind2="0">
    <subfield code="a">Ensayos</subfield>
    <subfield code="9">176636</subfield>
  </datafield>
  <datafield tag="830" ind1=" " ind2="0">
    <subfield code="a">Iluminaciones</subfield>
    <subfield code="v">150</subfield>
    <subfield code="9">185775</subfield>
  </datafield>
  <datafield tag="852" ind1=" " ind2=" ">
    <subfield code="a">ES-MaACL</subfield>
    <subfield code="9">200408 </subfield>
    <subfield code="b">R.153521</subfield>
    <subfield code="j">N-8590</subfield>
    <subfield code="c">DEPOJ</subfield>
    <subfield code="z">En proceso</subfield>
    <subfield code="g">Dedicatoria aut&#xF3;grafa de la autora</subfield>
    <subfield code="h">Donaci&#xF3;n: Mar&#xED;a Luisa Rodr&#xED;guez Ant&#xF3;n</subfield>
  </datafield>
  <datafield tag="903" ind1=" " ind2=" ">
    <subfield code="a">Rodr&#xED;guez Ant&#xF3;n, Mar&#xED;a Luisa</subfield>
    <subfield code="e">dnr</subfield>
  </datafield>
  <datafield tag="942" ind1=" " ind2=" ">
    <subfield code="n">0</subfield>
    <subfield code="c">MONOGRAFIA</subfield>
  </datafield>
  <datafield tag="999" ind1=" " ind2=" ">
    <subfield code="c">193100</subfield>
    <subfield code="d">193100</subfield>
  </datafield>
  <datafield tag="952" ind1=" " ind2=" ">
    <subfield code="0">0</subfield>
    <subfield code="1">0</subfield>
    <subfield code="2">udc</subfield>
    <subfield code="4">0</subfield>
    <subfield code="7">0</subfield>
    <subfield code="8">Librosdedicados</subfield>
    <subfield code="a">ATENEOM</subfield>
    <subfield code="b">ATENEOM</subfield>
    <subfield code="c">DEPOJ</subfield>
    <subfield code="d">2023-07-28</subfield>
    <subfield code="l">0</subfield>
    <subfield code="o">N-8590</subfield>
    <subfield code="p">101205701</subfield>
    <subfield code="r">2023-07-28 00:00:00</subfield>
    <subfield code="w">2023-07-28</subfield>
    <subfield code="y">MONOGRAFIA</subfield>
    <subfield code="z">Dedicatoria aut&#xF3;grafa de la autora</subfield>
  </datafield>
</record>
